003620000a2200133000450024500450000065000180004565000280006365000160009165000390010765100130014604100140015910000250017377300300019810aConocimiento tradicional y biodiversidad14aBiodiversidad14aDisturbios antrópicos14aIndígenas14aUsos tradicionales de los recursos 4pColombia0 aEspañol1 aYepes Pérez, Fabio1 tPreprint33q50-57d1992?